000 00546 a2200205 4500
005 20260417121514.0
008 260417b |||||||| |||| 00| 0 eng d
020 _a9789353167820
_cRs. 900.00
040 _aMAIN
082 _a658.403
_bL552E(4)
100 _aLeon, Alexis
245 _aEnterprise resource planning
250 _a4th
260 _bMcGraw Hill Education
_c2024
_aChennai
300 _axx, 504
650 _aManagement
650 _aInformation Systems- Management
650 _aEnterprise Resource Planning
942 _cBK
999 _c396976
_d396976